000 00608cam a22001933a 4500
001 35448
003 PGUSA
005 20140828083750.0
008 110302s2011||||xxu|||||s|||||000 | eng d
040 _aPGUSA
_beng
042 _adc
245 1 0 _aHerd Record of the Association of Breeders of Thorough-Bred Neat Stock :
_bShort Horns, Ayrshires and Devons
_h[electronic resource] /
_cVarious
260 _bProject Gutenberg,
_c2011
506 _aPublic domain in the USA.
516 _aElectronic text
830 0 _aProject Gutenberg
_v35448
856 4 0 _uhttp://www.gutenberg.org/ebooks/35448
942 _cEB
999 _c264703
_d264703